000 00626nam a2200229Ia 4500
003 OSt
005 20220923230654.0
006 a|||||r|||| 00| 0
007 ta
008 Pun
024 _a304,632
037 _cTextual
040 _aARTS
_cARTS
_bPun
041 _2Pun
_aPun
082 _aV236:12wL85, 153H8
100 _aਗੰਡਾ ਸਿੰਘ
245 0 _aਸਰਦਾਰ Fਾਮ ਸਿੰਘ ਅਟਾਰੀਵਾਲਾ
260 _c1948
650 _aਭਾਰਤੀਯ ਇਤਿਹਾਸ
942 _hV236:12wL85, 153H8
_cTEXL
_2CC
999 _c386441
_d386441